Loading...
| Religion | 0 | 6 | 0 | 0 | 60 | 89 | 129.33 | 1 | 2 |
| Literature - British Literature | 2 | 1 | 1 | 1 | 35 | 9 | 76.00 | 2 | 2 |
| Fine Arts - Painting and Sculpture | 0 | 4 | 1 | 0 | 35 | 103 | 126.25 | 0 | 0 |
| History - American History | 1 | 2 | 1 | 0 | 30 | 80 | 114.00 | 0 | 1 |
| Science - Biology | 0 | 3 | 0 | 0 | 30 | 88 | 123.67 | 0 | 1 |
| Fine Arts - Classical Music and Opera | 0 | 3 | 0 | 0 | 30 | 147 | 150.33 | 0 | 0 |
| Science - Physics | 0 | 2 | 0 | 1 | 20 | 104 | 112.50 | 0 | 1 |
| Science - Chemistry | 0 | 2 | 1 | 0 | 15 | 104 | 116.00 | 0 | 0 |
| Other Culture | 0 | 1 | 0 | 0 | 10 | 106 | 106.00 | 0 | 1 |
| History - European History | 0 | 1 | 0 | 0 | 10 | 98 | 98.00 | 0 | 0 |
| Literature - American Literature | 0 | 1 | 0 | 0 | 10 | 151 | 151.00 | 0 | 0 |
| Literature - European Literature | 0 | 1 | 0 | 0 | 10 | 108 | 108.00 | 0 | 1 |
| Other Science (Astronomy) | 0 | 1 | 0 | 0 | 10 | 110 | 110.00 | 0 | 0 |
| Other Science (Computer Science) | 0 | 1 | 0 | 0 | 10 | 92 | 92.00 | 0 | 0 |
| Other Science (Engineering) | 0 | 1 | 0 | 0 | 10 | 92 | 92.00 | 0 | 1 |
| Other Science (Math) | 0 | 1 | 0 | 0 | 10 | 106 | 106.00 | 0 | 0 |
| Philosophy | 0 | 1 | 0 | 0 | 10 | 121 | 121.00 | 0 | 0 |
| Literature - World Literature | 0 | 1 | 1 | 0 | 5 | 141 | 141.00 | 0 | 0 |
| History - Other History | 0 | 1 | 1 | 0 | 5 | 117 | 117.00 | 0 | 0 |
| Fine Arts - Other Arts | 0 | 1 | 1 | 0 | 5 | 149 | 149.00 | 0 | 0 |
| Social Science | 0 | 0 | 0 | 0 | 0 | 0.00 | 0 | 0 | |
| Other Academic | 0 | 0 | 1 | 0 | -5 | 0.00 | 0 | 0 | |
| Other Science (Earth Science) | 0 | 0 | 1 | 0 | -5 | 0.00 | 0 | 0 |